LEADER 01442nas 2200481-a 450 001 9910147144603321 005 20260127110701.0 011 $a1747-3845 035 $a(CKB)111053094003004 035 $a(CONSER)sn-87030139- 035 $a(DE-599)ZDB3111818-5 035 $a(DE-599)ZDB1478-7814;1747-3845 035 $a(DE-599)3111818-5 035 $a(EXLCZ)99111053094003004 100 $a19841025b18741926 --- - 101 0 $aeng 181 $ctxt$2rdacontent 182 $cc$2rdamedia 183 $acr$2rdacarrier 200 10$aProceedings /$fPhysical Society of London 210 $aLondon $cPrinted by Taylor and Francis$d1875-1926 215 $a1 online resource 300 $aTitle from cover. 311 08$aPrint version: Proceedings / (DLC)sn 87030139 (OCoLC)11306445 1478-7814 517 1 $aProceedings of the Physical Society of London 531 $aP PHYS SOC LOND 531 $aPROC. PHYS. SOC. LONDON 531 1 $aProc. Phys. Soc. Lond. 606 $aPhysics$vPeriodicals 606 $aPhysics$2fast$3(OCoLC)fst01063025 606 $aNatuurkunde$2gtt 608 $aPeriodicals.$2fast 608 $aPeriodicals.$2lcgft 615 0$aPhysics 615 7$aPhysics. 615 17$aNatuurkunde. 676 $a530.6 712 02$aPhysical Society of London. 906 $aJOURNAL 912 $a9910147144603321 920 $aexl_impl conversion 996 $aProceedings$957126 997 $aUNINA